Southville International School and Colleges
Your cart is empty.
  • Cart
  • Lists
    Public lists Eva Luna New books Lux_list list_1
    Your lists Log in to create your own lists
  • Log in to your account
  • Your cookies
  • Search history
Southville International School and Colleges
  • Advanced search
  • Recent comments
  • Most popular
  • Libraries

Log in to your account

Log in with GOOGLE


If you do not have an external account, but do have a local account, you can still log in:

  1. Home
  2. MARC view: Gurus on marketing /
Normal view MARC view ISBD view

Gurus on marketing / (Record no. 25327)

[ view plain ]
MARC details
000 -LEADER
fixed length control field 00584nam a2200217 a 4500
005 - DATE AND TIME OF LATEST TRANSACTION
control field 20140310183616.0
008 - FIXED-LENGTH DATA ELEMENTS--GENERAL INFORMATION
fixed length control field 120903s19uu xx 00 eng d
020 ## - INTERNATIONAL STANDARD BOOK NUMBER
International Standard Book Number 9788176494991
020 ## - INTERNATIONAL STANDARD BOOK NUMBER
International Standard Book Number 9788176494991
050 ## - LIBRARY OF CONGRESS CALL NUMBER
Classification number HD 30.4
Item number .K465 2008
100 ## - MAIN ENTRY--PERSONAL NAME
Personal name Kermally, Sultan
245 ## - TITLE STATEMENT
Title Gurus on marketing /
Statement of responsibility, etc Sultan Kermally.
250 ## - EDITION STATEMENT
Edition statement 1st ed.
260 ## - PUBLICATION, DISTRIBUTION, ETC. (IMPRINT)
Place of publication, distribution, etc London, UK :
Name of publisher, distributor, etc Thorogood Pub. Ltd,
Date of publication, distribution, etc 2008.
300 ## - PHYSICAL DESCRIPTION
Extent 156 p. :
Dimensions 22 cm.
500 ## - GENERAL NOTE
General note Include bibliographic references
521 ## - TARGET AUDIENCE NOTE
Target audience note
546 ## - LANGUAGE NOTE
Language note C15353
650 ## - SUBJECT ADDED ENTRY--TOPICAL TERM
Topical term or geographic name as entry element Marketing
942 ## - ADDED ENTRY ELEMENTS (KOHA)
Koha item type Books
Source of classification or shelving scheme Library of Congress Classification
Call number prefix Foreign
Holdings
Withdrawn status Lost status Source of classification or shelving scheme Damaged status Home library Current library Shelving location Date acquired Total Checkouts Full call number Barcode Date last seen Copy number Price effective from Koha item type
    Library of Congress Classification   College Library College Library General Circulation Section 12/04/2013   HD 30.4 .K465 2008 C15353 05/15/2018 1 12/04/2013 Books

Gurus on marketing /

APA

Kermally S., . (2008). Gurus on marketing. London, UK: Thorogood Pub. Ltd.

Chicago

Kermally Sultan, . 2008. Gurus on marketing. London, UK: Thorogood Pub. Ltd.

Harvard

Kermally S., . (2008). Gurus on marketing. London, UK: Thorogood Pub. Ltd.

MLA

Kermally Sultan, . Gurus on marketing. London, UK: Thorogood Pub. Ltd. 2008.

  • Place hold
  • Print
  • Cite
  • Add to your cart (remove)
  • Save record
    BIBTEX Dublin Core MARCXML MARC (non-Unicode/MARC-8) MARC (Unicode/UTF-8) MARC (Unicode/UTF-8, Standard) MODS (XML) RIS
  • More searches
    Search for this title in:
    Other Libraries (WorldCat) Other Databases (Google Scholar) Online Stores (Bookfinder.com) Open Library (openlibrary.org)

Exporting to Dublin Core...

SOUTHVILLE LIBRARY

Southville International School and Colleges Library

1281 Tropical Ave. Cor. Luxembourg St., BF Homes International, Las Pinas City

Tel. No. 8256374 / 252358 Loc. 117/146

Powered by Koha